Girl-friendly science : avoiding sex bias in the curriculum /

Bibliographic Details
Main Author: Smail, Barbara
Format: Book
Language:English
Published: York : Longman, 1984
Series:Schools Council programme. 3, Developing the curriculum for a changing world.
Subjects:

MARC

Tag First Indicator Second Indicator Subfields
LEADER 00000cam a2200000 a 4500
001 in00000019759
005 20151007053721.0
008 851118c1984 enkac b 00010 eng d
010 |a gb 85039058  
015 |a GB85-39058 
020 |a 0582172942 (pbk) :  |c No price 
035 |a (OCoLC)12949821 
035 |9 AAB2584AM 
040 |a UKM  |c UKM  |d TXA  |d UtOrBLW 
043 |a e-uk--- 
049 |a TXAM  |c [A11072130] 
050 4 |a Q183.4.G7  |b S6 1984 
082 0 |a 507/.1241  |2 19 
100 1 |a Smail, Barbara. 
245 1 0 |a Girl-friendly science :  |b avoiding sex bias in the curriculum /  |c Barbara Smail. 
264 1 |a York :  |b Longman,  |c 1984 
264 4 |c ©1985 
300 |a 83 pages :  |b illustrations, portraits ;  |c 30 cm. 
336 |a text  |b txt  |2 rdacontent 
337 |a unmediated  |b n  |2 rdamedia 
338 |a volume  |b nc  |2 rdacarrier 
490 1 |a Schools Council programme. 3, Developing the curriculum for a changing world 
504 |a Bibliography: pages 43-44. 
650 0 |a Science  |x Study and teaching (Secondary)  |z Great Britain. 
650 0 |a Women  |x Education  |z Great Britain. 
830 0 |a Schools Council programme.  |p 3, Developing the curriculum for a changing world. 
999 |a MARS 
999 f f |s 3a32ddf1-b764-3e93-85cc-658bd97e12ec  |i e1b565a9-3364-3be2-9092-5c823c9626de  |t 0 
952 f f |p ric  |a Texas A&M University  |b Rellis Campus  |c Joint Library Facility  |d Remote Storage  |t 0  |e Q183.4.G7 S6 1984  |h Library of Congress classification  |i unmediated -- volume  |m A14811072130 
998 f f |a Q183.4.G7 S6 1984  |t 0  |l Remote Storage